Guía de actividades para lectura y escritura : un aporte al aprendizaje escolar /

Detalles Bibliográficos
Autores principales: Pérez-Tenorio, Liliana María (Autor), López-Higuera, Amparo (Autor), Muñoz-Zambrano, Isabel (Autor)
Formato: Electrónico eBook
Lenguaje:español
Publicado: Popayán, Colombia : Editorial Universidad del Cauca, 2024.
Edición:Primera edición en español.
Materias:
Acceso en línea:Digitalia Hispánica

MARC

LEADER 00000nam a2200000Ii 4500
001 DIGUCAUCA0183
003 NyNyDIG
006 m o d
007 cr |||||||||||
008 250611s2024 ck a ob 001 0 spa d
035 |a (OCoLC)1517262379 
040 |a DGITA  |b eng  |e rda  |e pn  |c DGITA 
020 |a 9789587327038  |q digital 
020 |z 9789587327021  |q impreso 
050 1 4 |a LB1050.5 ebook 
100 1 |a Pérez-Tenorio, Liliana María,  |e author. 
245 1 0 |a Guía de actividades para lectura y escritura :  |b un aporte al aprendizaje escolar /  |c Liliana María Pérez-Tenorio, Amparo López-Higuera, Isabel Muñoz-Zambrano. 
250 |a Primera edición en español. 
264 1 |a Popayán, Colombia :  |b Editorial Universidad del Cauca,  |c 2024. 
300 |a 1 online resource :  |b illustrations. 
336 |a text  |b txt  |2 rdacontent 
337 |a computer  |b c  |2 rdamedia 
338 |a online resource  |b cr  |2 rdacarrier 
347 |a text file  |2 rdaft  
347 |b PDF 
504 |a Includes bibliographical references and index. 
588 0 |a Online resource; title from PDF title page (Digitalia, viewed June 11, 2025) 
650 0 |a Reading (Elementary)  |x Ability testing  |v Handbooks, manuals, etc. 
650 0 |a Creative activities and seat work. 
700 1 |a López-Higuera, Amparo,  |e author. 
700 1 |a Muñoz-Zambrano, Isabel,  |e author. 
776 0 8 |i Print version:  |a Pérez-Tenorio, Liliana María.  |t Guía de actividades para lectura y escritura.  |b Primera edición en español.  |d Popayán, Colombia : Editorial Universidad del Cauca, 2024  |z 9789587327021 
791 2 |a Digitalia (Firm),  |e distributor. 
793 0 |g Digitalia eBook Collection:  |a Editorial Universidad del Cauca 
856 4 0 |3 Digitalia Hispánica  |u https://www.digitaliapublishing.com/a/173807/ 
910 |a Premium collection: 2025